| 000 | 00686 a2200205 4500 | ||
|---|---|---|---|
| 010 | _aENG-89440 | ||
| 020 |
_a8120334328 _c395.00 |
||
| 035 | _aEN-72973 | ||
| 037 | _bDBAD / PUB | ||
| 082 | 1 | 4 | _a560 |
| 090 |
_c10931 _d10931 |
||
| 100 | 1 | _aRay, Anis Kumar | |
| 245 | 1 |
_aFossils in earth sciences/ _cby Anis Kumar Ray |
|
| 260 |
_aNew Delhi _bPrentice-Hall of India _c2008 |
||
| 270 |
_aM-97, Connaught Circus _bNew Delhi _cDelhi _e110001 |
||
| 300 |
_axiv, 429p. _c23 cm (pbk) _bill. |
||
| 500 | _aIncludes bibliographic references & index. | ||
| 942 |
_adpl _cEN _k560/ RAY |
||
| 999 |
_c10629 _d10629 |
||